| 000 | 00619nam a2200181 a 4500 | ||
|---|---|---|---|
| 001 | 000026748 | ||
| 005 | 20200930030405.0 | ||
| 008 | 110325s1970 dr 000 0 spa d | ||
| 040 |
_aDO-SdBNP _bspa _cBNPHU |
||
| 082 |
_axxxx _bA485s |
||
| 100 | 1 |
_aAmaro, Raymundo _953856 |
|
| 245 | 1 | 3 |
_aEl servicio civil en la República Dominicana / _cRaymundo Amaro. |
| 260 |
_aSanto Domingo : _bSecretariado Técnico de la Presidencia, Oficina Nacional de Administración de Personal, _c1970. |
||
| 300 |
_a[185 p.] ; _c28 cm. |
||
| 490 | 1 |
_aPublicaciones ONAP _vno. 29 |
|
| 830 | 0 |
_aPublicaciones ONAP _n29 _953857 |
|
| 049 | _aBNPD | ||
| 999 |
_c26240 _d26240 |
||